ՀՀ Գիտությունների ազգային ակադեմիայի հիմնարար գիտական գրադարան  =   Fundamental Scientific Library of NAS RA

Գարիբալդի : (Record no. 541082)

MARC details
000 -LEADER
fixed length control field 03404nam a2200301 a 4500
003 - CONTROL NUMBER IDENTIFIER
control field AM-YEHGA
005 - DATE AND TIME OF LATEST TRANSACTION
control field 20260413142957.0
008 - FIXED-LENGTH DATA ELEMENTS--GENERAL INFORMATION
fixed length control field 260213s1895 enkc||||r|||| 00||0 arm|d
040 ## - CATALOGING SOURCE
Original cataloging agency AM-YEHGA
041 1# - LANGUAGE CODE
Language code of text/sound track or separate title arm
Language code of summary or abstract ita
245 00 - TITLE STATEMENT
Title Գարիբալդի :
Remainder of title Իր կեանքի պատմութիւնը : Համաձայն վաւերական վկայութիւնների եւ անտիպ յիշողութիւնների /
Statement of responsibility, etc. Թարգմ. իտալ.՝ Հ. Խ; Հնչակեան Կուսակցութեան Հրատարակութիւն.
260 ## - PUBLICATION, DISTRIBUTION, ETC.
Place of publication, distribution, etc. Լօնդօն :
Name of publisher, distributor, etc. տպ. Հնչակի,
Date of publication, distribution, etc. 1895.
300 ## - PHYSICAL DESCRIPTION
Extent (12 գիրք մեկ կազմի մեջ ) ; X, 177 էջ :
Other physical details դիմանկ. ;
Dimensions 18 սմ.
440 ## - SERIES STATEMENT/ADDED ENTRY--TITLE
Title Ժողովրդական գրադարան
Volume/sequential designation գրքոյկ 2
9 (RLIN) 5644
500 ## - GENERAL NOTE
General note Շարվածքը՝ 14x8,5 սմ:
500 ## - GENERAL NOTE
General note Շապիկին և տիտղոսաթերթին՝ զարդանախշ:
500 ## - GENERAL NOTE
General note Շապիկին և տիտղոսաթերթին նշում. «Հնչակեան կուսակցութեան հրատարակութիւն»:
500 ## - GENERAL NOTE
General note Շապիկի դարձերեսին՝ «Հնչակեան կուսակցութեան հրատարակութիւնների ցանկ»:
500 ## - GENERAL NOTE
General note Գինն է՝ 1 ֆր. 50 սանտիմ:
500 ## - GENERAL NOTE
General note Ալիգ 11
501 ## - WITH NOTE
With note Մեկ կազմի մեջ՝ Ծրագիր սօսիալ դէմօքրաթ Հնչակեան կուսակցութեան : (Տաճկաստանի համար) / Կ. Պօլիս: Ա. հ.։ 1910։ - Ալիգ 1 ; Հողատիրական հարցեր / Ս․Ս․ Գ․։ Կ․ Պօլիս։ Ա․ հ․։ 1909։ - Ալիգ 2 ; Ծրագիր Հնչակեան կուսակցութեան ։ (Տաճկաստանի համար) / Կ․ Պօլիս։ Ա․հ․։ 1908։ - Ալիգ 3 ; Կազմական կանոնագիր Հնչակեան կուսակցութեան ։ Տաճկաստանի մասնաճիւղերու / Կ․ Պոլիս։ Ա․հ․։ 1908։ - Ալիգ 4 ; Հերդեր եւ իր քաղաքական հայեացքները / Ս. Սապահ-Գիւլեան։ Կ. Պոլիս: տպ. Տ. Տօղրամաճեան։ 1909։ - Ալիգ 5 ; Բռնութեան դէմ : Գաղատիայի դատավարութիւն / Թորոս։ Աթէնք: տպ. Հնչակի։ 1894։ - Ալիգ 6 ; Իրաւունք ծուլանալու ։ Հերքում 1848-ի «Աշխատելու օրէնքին» / Պօլ Լաֆարգ։ Աթէնք: Հայկական ազատ տպարան։ 1893։ - Ալիգ 7 ; Սահմանադրութեան էութեան մասին / Ֆ. Լասսալ։ Աթէնք: Հայկական ազատ տպարան։ 1893։ - Ալիգ 8 ; Հայերն Ամերիկայում / Ակն-եանց։ Աթէնք: տպ. Հայկական ազատ: 1893։ - Ալիգ 9 ; Ով ինչով է ապրում / Ս. Դիկշտէյն։ Լօնդօն: տպ. Հայկական ազատ։ 1891։ - Ալիգ 10 ; ممالک عثمانیه سوسیال ده موقرات هنچاقیان جمعیتی نظامنامۀ اساسیسی (Programme) / سعادت: S.n.: 1907 [1325 ه. ق]: - Ալիգ 12
600 14 - SUBJECT ADDED ENTRY--PERSONAL NAME
Personal name Գարիբալդի, Յովսէփ
650 14 - SUBJECT ADDED ENTRY--TOPICAL TERM
Topical term or geographic name entry element Պատմություն
Geographic subdivision Իտալիա
700 0# - ADDED ENTRY--PERSONAL NAME
Personal name Հ. Խ.
Relator term թարգմ.
Relationship trl
710 2# - ADDED ENTRY--CORPORATE NAME
Corporate name or jurisdiction name as entry element Հնչակեան Կուսակցութեան Հրատարակութիւն
856 41 - ELECTRONIC LOCATION AND ACCESS
Uniform Resource Identifier <a href="https://haygirk.nla.am/upload/1512-1940/1851-1900/garibaldi_1895.pdf">https://haygirk.nla.am/upload/1512-1940/1851-1900/garibaldi_1895.pdf</a>
Link text Կարդալ առցանց
942 ## - ADDED ENTRY ELEMENTS (KOHA)
Source of classification or shelving scheme Universal Decimal Classification
Koha item type Գրքեր / Books
Suppress in OPAC No
Holdings
Withdrawn status Lost status Source of classification or shelving scheme Damaged status Not for loan Collection Home library Current library Date acquired Serial enumeration / chronology Inventory number Total checkouts Full call number Barcode Date last seen Price effective from Koha item type Public note
    Universal Decimal Classification     Postanjyan Individual Collection Fundamental Scientific Library Fundamental Scientific Library 13/02/2026 Ալիգ 11 Պոսթ/82   Պոսթ/72 FL0703904 13/02/2026 13/02/2026 Գրքեր / Books ILL Non-Circ.


ՀՀ ԳԱԱ հիմնարար գիտական գրադարան
ՀՀ,Երևան 0019
Մարշալ Բաղրամյան 24/6
հեռախոս:(374-10) 52-47-50
Հետադարձ կապ

All site content, except where otherwise noted, is licensed under a
Creative Commons License